000 00269nam a22001217a 4500
082 _a823
_bMUN/S
100 _aMUNRO, H H
245 _aSAKI
_bSELECTED STORIES
260 _aDELHI
_bBLACK ROSE PUBLICATIONS
300 _a286
650 _aSHORT STORIES
_zINDIA
942 _cBK
999 _c3505
_d3505